Vývoj cestovného ruchu na Slovensku v rokoch 2003-2006

Doterajší vývoj cestovného ruchu na Slovensku. Cestovný ruch ako perspektívna oblasť slovenského sektora služieb. SWOT analýza pre určenie možných alternatív budúceho vývoja cestovného ruchu. Príležitosti a možnosti rozvoja cestovného ruchu na Slovensku.

Guardado en:
Detalles Bibliográficos
Autor principal: Žembová, Zuzana
Formato: Capítulo de libro
Lenguaje:eslovaco
Materias:
Etiquetas: Agregar Etiqueta
Sin Etiquetas, Sea el primero en etiquetar este registro!

MARC

LEADER 00000naa$a2200000$$$4500
001 0066132
005 20240502071802.1
041 0 |a slo 
044 |a SK 
245 1 0 |a Vývoj cestovného ruchu na Slovensku v rokoch 2003-2006  |c Zuzana Žembová 
520 |a Doterajší vývoj cestovného ruchu na Slovensku. Cestovný ruch ako perspektívna oblasť slovenského sektora služieb. SWOT analýza pre určenie možných alternatív budúceho vývoja cestovného ruchu. Príležitosti a možnosti rozvoja cestovného ruchu na Slovensku. 
610 2 0 |a ruch cestovný 
610 2 0 |a Slovensko 
610 2 0 |a analýza swot 
610 2 0 |a vývoj 
610 2 0 |a služby 
100 1 |a Žembová, Zuzana